000 00566cam a22001934a 4500
999 _c997
_d997
020 _a027370642X
020 _a9780273706427
050 0 0 _aHB615
_b.W535
100 1 _aWickham, Philip A.
245 1 0 _aStrategic entrepreneurship /
_cPhilip A. Wickham.
250 _a4th ed.
260 _aHarlow, England ;
_aNew York :
_bFinancial Times Prentice Hall,
_c2006.
300 _axxxiv, 613 p. :
_bill. ;
_c25 cm.
500 _aincludes index
650 0 _aEntrepreneurship.
650 0 _aNew business enterprises
_xManagement.
650 0 _aDecision making.
942 _cBK